000 00713nam a2200241 a 4500
999 _c6996
_d6996
001 29533
003 OSt
005 20190122111729.0
008 691128c19761969miua b 000 0 eng
010 _a74098554
020 _c1.95
040 _aDLC
_cDLC
_dm.c.
_dMAL
050 0 _aBV1521
_b.T63
082 _a268
_bT747T
092 _a268.0973
_bT66
100 1 _aTowns, Elmer L.
245 1 4 _aThe ten largest Sunday schools and what makes them grow /
_cby Elmer L. Towns.
260 _aGrand Rapids, Mich. :
_bBaker Book House,
_c1976, c1969.
300 _a163 p. :
_bill. ;
_c20 cm.
504 _aIncludes bibliographical references.
650 0 _aSunday schools
_zUnited States
_vCase studies.
942 _2ddc
_cBK